| 000 | 01328nam a2200253Ia 4500 | ||
|---|---|---|---|
| 001 | 18498 | ||
| 003 | GE_BSU | ||
| 008 | 181216s||||||||xx |||||||||||||| ||und|| | ||
| 020 | _a9789941113789 | ||
| 040 | _cGE_BSU | ||
| 080 | _a811.353.1'36(075) | ||
| 100 | _aშარაშენიძე,ნინო | ||
| 245 | _aქართული ენის გრამატიკა:სინტაქსი | ||
| 245 | _bსასკოლო კურსი:სინტაქსის საკითხები სქემები,თვალსაჩინოებები მართლწერის საკითხები, სავარჯიშოები ანალიზისათვის ტექსტის რედაქტირება ანალიტიკური კითხვები ტესტები. | ||
| 245 | _cრედ:სოლომონ ნოზაძე,ლალი ბაქრაძე,ლალი ჭინჭარაული. | ||
| 260 | _aთბილისი | ||
| 260 | _bდიოგენე | ||
| 260 | _c2012 | ||
| 300 | _a184გვ;27სმ. | ||
| 541 | _h6ლ.30თ. | ||
| 653 | _aქართული ენა | ||
| 653 | _aქართული ენის გრამატიკა:სინტაქსი | ||
| 942 | _cBK | ||
| 999 |
_c51509 _d51509 |
||